| 000 | 00475nam a2200181 a 4500 | ||
|---|---|---|---|
| 005 | 20260322212035.0 | ||
| 008 | data | ||
| 020 | _a1878542907 | ||
| 020 | _a9781878542908 | ||
| 092 | _a650.1 T69 1995 | ||
| 100 | 1 | _aTowers, Mark. | |
| 245 | 1 | 0 |
_aReinventing your self : _b28 strategies for coping with change / _cMark Towers. |
| 260 |
_aMission, Kan. : _bSkillPath Publications, _c1995. |
||
| 300 |
_avi, 70 p. ; _b22 cm. |
||
| 650 | 0 | _aSuccess | |
| 650 | 0 | _aBusiness | |
| 001 | data | ||
| 999 |
_c820 _d820 |
||